Loading...

Understanding extrusion

Bibliografiske detaljer
Hovedforfatter: Rauwendaal, Chris (Author)
Format: Printed Book
Sprog:English
Udgivet: Munich Hanser 1998
Fag:
LEADER 00570nam a22001697a 4500
005 20200730135234.0
008 100916t xxu||||| |||| 00| 0 eng d
082 |a 678.027.3  |b RAU 
100 |a Rauwendaal, Chris  |e Author  |9 1776 
245 |a Understanding extrusion  |c Chris Rauwendaal 
300 |a xii, 190p. 
653 |a Plastics extrusion 
942 |c BK  |6 _ 
260 |a Munich  |b Hanser  |c 1998 
020 |a 3-446-18163-6 
999 |c 182834  |d 182834 
952 |0 0  |1 0  |2 udc  |4 0  |6 6780273_RAU  |7 0  |9 235720  |a PSR  |b PSR  |d 2010-09-16  |l 1  |o 678.027.3 RAU  |p PS002692  |r 2020-06-17  |s 2018-10-04  |w 2010-09-16  |y BK